'T' Vocabulary (Hard) Quiz Stats

 Plays Quiz Updated Dec 3, 2016

Support Sporcle.
Go Orange.
Score 0/25 Timer 09:00
2 Plays Today
% Correct
thespian
88%
thrifty
87.6%
truancy
86%
transmute
84.3%
traverse
83.7%
tryst
83.6%
tartar
83.5%
throng
83%
tapir
79.4%
testy
79%
toadstone
77.5%
tawny
72.3%
troglodyte
72.2%
% Correct
tartare
71.8%
travail
70.8%
torrid
70%
trite
68.9%
taciturn
68.3%
tumultuous
62%
torpid
58.9%
terrine
57.1%
terricolous
56.8%
toady
52.8%
tyro
50%
tarsier
49.2%

You're not logged in!

Compare scores with friends on all Sporcle quizzes.
OR
Log In

From the Vault

Sitcom Husbands & Wives II

by dmartschenko

A good marriage is one with lots of laughing. Or at least one that makes us laugh a lot.
Remove Ads.
Support Sporcle.
Get the best of Sporcle when you Go Orange. This ad-free experience offers more features, more stats, and more fun while also helping to support Sporcle. Thank you for becoming a member.

Show Comments

Extras

Top Quizzes Today


Score Distribution

Your Account Isn't Verified!

In order to create a playlist on Sporcle, you need to verify the email address you used during registration. Go to your Sporcle Settings to finish the process.

Report this User

Report this user for behavior that violates our Community Guidelines.

Details: